| 000 | 00354 a2200133 4500 | ||
|---|---|---|---|
| 001 | 88096 | ||
| 082 | _aPR 335 | ||
| 090 |
_c41507 _d41507 |
||
| 100 | _aBakar Abdullah, 338082 | ||
| 245 | _aSafety parachute deployment for super mashshak | ||
| 260 |
_aRisalpur _bNUST Risalpur _c2004 |
||
| 300 |
_avii, 37p. _eNoor Abbas, Dr |
||
| 500 | _aBE Project Reports | ||
| 942 |
_aCAE NUST _kPR 335 |
||
| 999 |
_c323169 _d323169 |
||